Microwave engineering
Salvato in:
| Autore principale: | |
|---|---|
| Natura: | Libro |
| Lingua: | inglese |
| Pubblicazione: |
Hoboken, NJ., USA
John Wiley and Sons,
2012
|
| Edizione: | Fourth edition |
| Soggetti: | |
| Accesso online: | Disponible Online |
| Tags: |
Aggiungi Tag
Nessun Tag, puoi essere il primo ad aggiungerne!!
|
MARC
| LEADER | 00000cam a2200000 a 4500 | ||
|---|---|---|---|
| 001 | UCE2689 | ||
| 003 | CL-VaPUC | ||
| 005 | 20210825180355.0 | ||
| 008 | 140724e20120000us |||||||||||||||||eng|d | ||
| 999 | |c 356264 |d 356262 | ||
| 020 | |a 9780470631553 | ||
| 040 | |c Pontificia Universidad Católica de Valparaíso | ||
| 082 | 0 | 4 | |a 621.3813 POZ 2012 |2 21 |
| 100 | 0 | |a Pozar, David M |e author |9 575225 | |
| 245 | 1 | 0 | |a Microwave engineering |
| 250 | |a Fourth edition | ||
| 260 | |a Hoboken, NJ., USA |b John Wiley and Sons, |c 2012 | ||
| 300 | |a 732 páginas | ||
| 583 | |a last modification |c 20140724 10:48:00 |k Rodrigo Vera | ||
| 650 | 0 | |a Microondas |2 CL-VaPUC |9 263311 | |
| 650 | 0 | |a Circuitos eléctricos |9 260262 | |
| 650 | 0 | |a Electromagnetismo |9 260123 | |
| 650 | 0 | |a Amplificadores |9 338119 | |
| 856 | |u http://bibliografiadigital.pucv.cl.pucv.idm.oclc.org/index.php/bibliotecapucv/catalog/book/683 |y Disponible Online | ||
| 942 | |c BK |2 ddc | ||
| 945 | |d 20140724 10:48:00 |a cmena | ||
| 952 | |0 0 |1 0 |3 erd |4 0 |6 621_381300000000000_POZ_2012 |7 0 |8 A |9 463473 |a BIBING |b BIBING |i 5091144 |l 2 |o 621.3813 POZ 2012 |p 5091144 |r 2025-01-20 |s 2023-12-01 |w 2019-11-23 |y BK |z Catalogado en:20140724 |k EIE | ||
| 952 | |0 0 |1 0 |3 erd |4 0 |6 621_381300000000000_POZ_2012 |7 0 |8 A |9 463474 |a BIBING |b BIBING |i 5459109 |l 2 |o 621.3813 POZ 2012 |p 5459109 |r 2025-01-20 |s 2023-03-27 |w 2019-11-23 |y BK |z Catalogado en:20180323 |k EIE | ||
| 952 | |0 0 |1 0 |3 erd |4 0 |6 621_381300000000000_POZ_2012 |7 0 |8 A |9 463475 |a BIBING |b BIBING |i 5461197 |o 621.3813 POZ 2012 |p 5461197 |r 2025-01-20 |w 2019-11-23 |y BK |z Catalogado en:20180329 |k EIE | ||
| 952 | |0 0 |1 0 |3 erd |4 0 |6 621_381300000000000_POZ_2012 |7 0 |8 A |9 463476 |a BIBING |b BIBING |i 5479665 |l 19 |m 3 |o 621.3813 POZ 2012 |p 5479665 |r 2025-01-20 |s 2024-05-02 |w 2019-11-23 |y BK |z Catalogado en:20180706 |k EIE | ||
| 952 | |0 0 |1 0 |3 erd |4 0 |6 621_381300000000000_POZ_2012 |7 0 |8 A |9 463477 |a BIBING |b BIBING |i 5508622 |l 2 |o 621.3813 POZ 2012 |p 5508622 |r 2025-01-20 |s 2022-08-30 |w 2019-11-23 |y BK |z Catalogado en:20181021 |k EIE | ||
| 952 | |0 0 |1 0 |3 erd |4 0 |6 621_381300000000000_POZ_2012 |7 0 |8 A |9 463478 |a BIBING |b BIBING |i 5508630 |l 13 |m 2 |o 621.3813 POZ 2012 |p 5508630 |r 2025-01-20 |s 2024-12-10 |w 2019-11-23 |y BK |z Catalogado en:20181021 |k EIE | ||
| 952 | |0 0 |1 0 |3 erd |4 0 |6 621_381300000000000_POZ_2012 |7 0 |8 A |9 463479 |a BIBING |b BIBING |i 5508649 |l 13 |m 6 |o 621.3813 POZ 2012 |p 5508649 |r 2025-01-20 |s 2023-09-07 |w 2019-11-23 |y BK |z Catalogado en:20181021 |k EIE | ||
| 952 | |0 0 |1 0 |3 erd |4 0 |6 621_381300000000000_POZ_2012 |7 0 |8 A |9 463480 |a BIBING |b BIBING |i 5509394 |l 6 |m 2 |o 621.3813 POZ 2012 |p 5509394 |r 2025-01-20 |s 2024-03-21 |w 2019-11-23 |y BK |z Catalogado en:20181021 |k EIE | ||
| 952 | |0 0 |1 0 |3 erd |4 0 |6 621_381300000000000_POZ_2012 |7 0 |8 A |9 463481 |a BIBING |b BIBING |i 5509408 |l 8 |m 4 |o 621.3813 POZ 2012 |p 5509408 |r 2025-01-20 |s 2023-10-17 |w 2019-11-23 |y BK |z Catalogado en:20181021 |k EIE | ||